Normal view
MARC view
- VRT
Entry Personal Name
001 - CONTROL NUMBER
- control field: 104058
003 - CONTROL NUMBER IDENTIFIER
- control field: NUST
005 - DATE AND TIME OF LATEST TRANSACTION
- control field: 20221202183539.0
008 - FIXED-LENGTH DATA ELEMENTS
- fixed length control field: 221202|| aca||aabn | a|a d
040 ## - CATALOGING SOURCE
- Original cataloging agency: NUST
- Transcribing agency: NUST
100 ## - HEADING--PERSONAL NAME
- Personal name: VRT
670 ## - SOURCE DATA FOUND
- Source citation: Work cat.: (NUST)182322: VRT, Up-to date world's transistors diodes- thyristors & IC's comparison tables, 2003
